ASEAN forest resource database country report : Brunei Darussalam

Bibliographic Details
Main Author: THANG
Corporate Author: ASEAN Institute of Forest Management (AIFM)
Format: Book
Published: Kuala Lumpur : ASEAN Institute of Forest Management , 1991
Subjects:

MARC

LEADER 00000cam a2200000 7i4500
001 0000002190
005 20030321.0
090 0 0 |a 634.92095955   |b THA 1991 
100 1 0 |a THANG   |h H. C. 
245 1 0 |a ASEAN forest resource database country report :   |b Brunei Darussalam   |c prepared by H. C. Thang 
260 0 0 |a Kuala Lumpur :   |b ASEAN Institute of Forest Management ,   |c 1991 
300 |a iii, 13 p. :   |b maps ;   |c 30 cm. 
500 0 0 |a Bibliography : p. 11 
650 0 0 |a Database   |x Forest management   |z Brunei Darussalam 
650 0 0 |a Forest management   |z Brunei Darussalam 
710 1 1 |a ASEAN Institute of Forest Management (AIFM) 
998 |a JPSM 
999 |a 0000003659   |b Monograph   |c Open Shelf   |e Default branch